KUMAR'S intellectual property handbook (Record no. 42085)

MARC details
000 -LEADER
fixed length control field 00426nam a2200169Ia 4500
020 ## - INTERNATIONAL STANDARD BOOK NUMBER
ISBN 817110908
082 ## - DEWEY DECIMAL CLASSIFICATION NUMBER
Classification number 347.78
Item number LAL
245 #0 - TITLE STATEMENT
Title KUMAR'S intellectual property handbook
250 ## - EDITION STATEMENT
Edition statement Ed.2
260 ## - PUBLICATION, DISTRIBUTION, ETC. (IMPRINT)
Place of publication Allahabad
Name of publisher Law Publishers(India)
Year of publication 2001
650 ## - SUBJECT ADDED ENTRY--TOPICAL TERM
Topical Term Copyright act
650 ## - SUBJECT ADDED ENTRY--TOPICAL TERM
Topical Term Patents act
650 ## - SUBJECT ADDED ENTRY--TOPICAL TERM
Topical Term Trademarks act
700 ## - ADDED ENTRY--PERSONAL NAME
Personal name Lal, C S
942 ## - ADDED ENTRY ELEMENTS (KOHA)
Koha item type Books
Holdings
Withdrawn status Lost status Damaged status Not for loan Home library Current library Date acquired Cost, normal purchase price Full call number Accession Number Koha item type
        RRII Library RRII Library 16/12/2021 550.00 347.78 LAL 22362 Books